| 000 | nam a22 7a 4500 | ||
|---|---|---|---|
| 999 |
_c234710 _d234710 |
||
| 003 | Nust | ||
| 005 | 20170329160822.0 | ||
| 008 | 170329b xxu||||| |||| 00| 0 eng d | ||
| 040 | _cDLC | ||
| 082 | _a954.91 RAZ | ||
| 100 | _aRaza, M. Hanif. | ||
| 245 | _aPortrait of Pakistan / | ||
| 260 |
_aLahore : _bFerozsons, |
||
| 300 | _a196 p. : | ||
| 942 |
_2ddc _cBK |
||